000 00582nam a2200229Ia 4500
003 OSt
005 20220924143453.0
006 a|||||r|||| 00| 0
007 ta
008 220923b |||||||| |||| 00| 0 urd d
024 _a308377
037 _cTextual
040 _aARTS
_cARTS
_burd
041 _2urd
_aurd
082 _aO122,2L07,1, 168F0
100 _aRizwi Kamaal Ahmad
245 0 _aDaghabaaz
260 _c1920
650 _aFRENCH LITERATURE
_913614
942 _hO122,2L07,1, 168F0
_cTEXL
_2CC
999 _c454576
_d454576